000 00393nam a22001577a 4500
005 20251205094418.0
008 251205b |||||||| |||| 00| 0 eng d
020 _a978-93-5143-881-6
050 _aHV 6699.S53 2016
100 _aSHARMA B.R
245 _aBANK FRAUDS PREVENTION AND DETECTION
250 _a4th
260 _aINDIA
_bLEXIS NEXIS
_c2016
300 _aX,780
942 _2lcc
_cBK
999 _c216335
_d216335